Central Library OPAC University of Rajshahi

লোক-প্রশাসন পরিচিতি / (Record no. 38161)

MARC details
000 -LEADER
fixed length control field 01025nam a2200241 a 4500
001 - CONTROL NUMBER
control field 38161
003 - CONTROL NUMBER IDENTIFIER
rucl marc code BD-RjUL
005 - DATE AND TIME OF LATEST TRANSACTION
control field 20211209052735.0
008 - FIXED-LENGTH DATA ELEMENTS--GENERAL INFORMATION
fixed length control field 150919s1979 bg ||||| |||| 00| 0 ben d
035 ## - SYSTEM CONTROL NUMBER
System control number (BD-RjUL)
040 ## - CATALOGING SOURCE
Original cataloging agency BD-RjUL
Language of cataloging ben
Transcribing agency BD-RjUL
041 ## - LANGUAGE CODE
Language code of text/sound track or separate title ben
082 ## - DEWEY DECIMAL CLASSIFICATION NUMBER
Edition number 23
Classification number 351
Author mark and year WHL 1979
100 ## - MAIN ENTRY--PERSONAL NAME
Personal name হোয়াইট, লিওনার্ড ডি.
9 (RLIN) 118070
245 ## - TITLE STATEMENT
Title লোক-প্রশাসন পরিচিতি /
Statement of responsibility, etc. লিওনার্ড ডি. হোয়াইট. ; মোহাম্মদ আফতাব হোসেন অনূদিত.
Number of part/section of a work দ্বিতীয় খণ্ড
260 ## - PUBLICATION, DISTRIBUTION, ETC. (IMPRINT)
Place of publication, distribution, etc. ঢাকা :
Name of publisher, distributor, etc. বাংলা একাডেমী,
Date of publication, distribution, etc. ১৯৭৯
300 ## - PHYSICAL DESCRIPTION
Pagination ৪২৫ পৃ.;
Size ২১ সেমি.
650 ## - SUBJECT ADDED ENTRY--TOPICAL TERM
Topical term or geographic name as entry element লোক প্রশাসন
9 (RLIN) 118071
Topical term or geographic name as entry element Public administration.
9 (RLIN) 117250
Topical term or geographic name as entry element Politics and government
9 (RLIN) 118072
700 ## - ADDED ENTRY--PERSONAL NAME
Personal name হোসেন, মোহাম্মদ আফতাব.
942 ## - ADDED ENTRY ELEMENTS (KOHA)
Source of classification or shelving scheme Dewey Decimal Classification
Koha item type Books
Holdings
Lost status Source of classification or shelving scheme Damaged status Not for loan Collection code Permanent Location Current Location Shelving location Date acquired Total Checkouts Full call number Date last seen Date checked out Copy number Koha item type Source of acquisition Cost, normal purchase price
  Dewey Decimal Classification     Non-fiction Central Library, University of Rajshahi Central Library, University of Rajshahi   19/09/2015 2 B 351 WHL 1979 12/03/2016 19/12/2015 C-3 Books    
  Dewey Decimal Classification     Non-fiction Central Library, University of Rajshahi Central Library, University of Rajshahi   19/03/1980 1 B 351 WHL V-2 1979 23/04/2026 08/04/2026 C-2 Books Niyamot books,Rajshahi 30.00